| 000 | 00907nam a22003017a 4500 | ||
|---|---|---|---|
| 003 | CHAP | ||
| 005 | 20220329143724.0 | ||
| 008 | 110413s1998 mx a r 00010 spa d | ||
| 010 | _a100938 | ||
| 011 | _a101910 | ||
| 020 | _a968700116X | ||
| 035 | _a112598 | ||
| 040 | _cCHAP | ||
| 082 | 0 | 0 |
_a539.12 _bAv71 |
| 100 | 1 |
_aAvogado Ampere, Dalton _98886 |
|
| 245 | 1 | 0 |
_aTeoria atómico molecular _c/por Dalton Avogado Ampere |
| 260 |
_aMéxico, D.F. : _bIPN, _cca1998 |
||
| 300 |
_a156 p. : _bilus. |
||
| 590 |
_aBATCH-UPD _b10 _c20130110 _lUCH01 _h1158 |
||
| 590 |
_aBATCH-UPD _b10 _c20130410 _lUCH01 _h0740 |
||
| 590 |
_aBATCH-UPD _b10 _c20130914 _lUCH01 _h0458 |
||
| 590 |
_aCONVERSION _b10 _c20130109 _lUCH01 _h1356 |
||
| 650 | 1 | 4 |
_aMoléculas. _977443 |
| 650 | 1 | 4 |
_aTeoría atómica. _9112305 |
| 901 | _aBK | ||
| 942 | _cLIBRO | ||
| 949 |
_a530.12 Av71 _bBC _cLIBRO _d33724002258710 _eLIBRO _h114670 _i112598 _sb |
||
| 999 |
_c100938 _d100938 |
||